| 000 | 00608nam a2200193 a 4500 | ||
|---|---|---|---|
| 001 | 000021634 | ||
| 005 | 20200930011406.0 | ||
| 008 | 100909s1964 dr 000 0 spa d | ||
| 040 |
_aDO-SdBNP _bspa _cBNPHU |
||
| 082 |
_axxx _bD815o |
||
| 100 | 1 |
_aDubois, Jules _945007 |
|
| 245 | 1 | 0 |
_aOperación América / _cJules Dubois ; prólogo Ricardo Castro Beeche. |
| 260 |
_aSanto Domingo : _bEditora del Caribe, _c1964. |
||
| 300 |
_a412 p. ; _c24 cm. |
||
| 500 | _aIncluye notas al pie de las páginas | ||
| 504 | _aBibliografía : 407-412 | ||
| 700 | 1 |
_aCastro Beeche, Ricardo, _epról. _945008 |
|
| 049 | _aBNPD | ||
| 999 |
_c21133 _d21133 |
||